000 00704nam a2200265Ia 4500
003 OSt
005 20220928121402.0
006 a|||||r|||| 00| 0
007 ta
008 220927b |||||||| |||| 00| 0 eng d
020 _c0
024 _a112255
037 _bGIFT, 02/08/2011, Gift
_cTextual
040 _aSDCL
_cSDCL
_beng
041 _2eng
_aeng
082 _aC52, N1
100 _aCollin Robert E
_9451810
245 0 _aField theory of guided waves.
250 _a2
260 _aNew York
_b IEEE Press
_c1991
300 _axii,852p.
_ccm.
650 _aGift
_9391569
942 _hC52, N1
_cTEXL
_2CC
999 _c765817
_d765817